|
|
|
|
| LEADER |
01181nam a2200265 i 4500 |
| 001 |
c000008468 |
| 003 |
CARM |
| 005 |
00000000000000.0 |
| 008 |
830921s1983 gw a b 10100 eng d |
| 019 |
1 |
|
|a 2626335
|z 4359810
|5 LACONCORD2021
|
| 020 |
|
|
|a 311008791x
|
| 035 |
|
|
|a (OCoLC)9442463
|5 LACONCORD2021
|
| 111 |
2 |
0 |
|a International Conference on Electrophoresis
|n (4th :
|d 1982 :
|c Athens, Greece)
|
| 245 |
1 |
0 |
|a Electrophoresis '82 :
|b advanced methods biochemical and clinical applications : proceedings of the International Conference on Electrophoresis, Athens, Greece, April 21-24, 1982 /
|c editor: D. Stathakos.
|
| 260 |
|
|
|a Berlin :
|b W. de Gruyter,
|c 1983.
|
| 300 |
|
|
|a xvi, 867p. :
|b ill. ;
|c 25cm.
|
| 504 |
|
|
|a Includes bibliographies.
|
| 505 |
0 |
|
|a Index.
|
| 650 |
|
0 |
|a Electrophoresis
|x Congresses.
|
| 650 |
|
0 |
|a Biochemistry
|x Technique
|x Congresses.
|
| 650 |
|
0 |
|a Clinical chemistry
|x Technique
|x Congresses.
|
| 700 |
1 |
|
|a Stathakos, D.
|
| 852 |
8 |
|
|b CARM
|h A2:AD37F0
|i C05028
|p 0200784
|f BK
|
| 999 |
f |
f |
|i 0aeaead9-298a-516f-9379-96b17faa0c18
|s cfeb5232-a079-5df0-bd1c-be1be5929790
|
| 952 |
f |
f |
|p Can circulate
|a CAVAL
|b CAVAL
|c CAVAL
|d CARM 1 Store
|e C05028
|f A2:AD37F0
|h Other scheme
|i book
|m 0200784
|